000
00334nam a22001457a 4500
008
230720b ||||| |||| 00| 0 eng d
020
_a
9780029051908
041
_a
eng
080
_a
101
082
_a
101CHR
100
_a
44
101
_a
FILOZOF
245
_a
IN THE PRESENCE OF THE CREATOR
_c
CHRISTIANSON ,E G
942
_2
udc
_c
BK
999
_c
60186
_d
60186